Statistics for J.E.T.P.U.N.K. Country Quiz #11: Largest Population

Click here to take the quiz!

General Stats

  • This quiz has been taken 32 times
  • The average score is 6 of 7

Answer Stats

PopulationCountry% Correct
J124,470,000Japan
100%
E105,163,988Ethiopia
97%
N218,541,000Nigeria
90%
T85,279,553Turkey
90%
U334,761,000United States
90%
K47,564,296Kenya
84%
P239,017,494Pakistan
81%

Score Distribution

Percentile by Number Answered

Percent of People with Each Score

Your Score History

You have not taken this quiz